000 00648nam a2200277Ia 4500
005 20260324145929.0
008 008 260324s9999 xx 000 0 eng d
020 _a9781003014157
037 _aEBOOK
040 _aCRL
040 _beng
040 _cCRL
041 _2eng
041 _aeng
084 _qCRL
100 _aFriedhelm Radandt
_91224686
245 0 _aFrom Baroque to Storm and Stress 1720-1775
260 _bTaylor and Francis
260 _c1977
365 _a
365 _b180
856 _uhttp://www.taylorfrancis.com/books/9781003014157
942 _cEBOOK
999 _c1833284
_d1833284